000 00310nam a2200133 a 4500
005 20140414093842.0
008 090108s19uu xx uuu eng d
050 _aDVD 791.43
_bMul 2004
245 _aMulan II.
650 _aMotion pictures.
650 _aAnimated films.
942 _cAVM
999 _c109368
_d109368